000 00890nam a2200301 i 4500
001 bg
100 1 _aJanik, Grażyna.
245 1 0 _aStatyka budowli :
_bpodręcznik dla ucznia technikum /
_cGrażyna Janik.
250 _aWyd. 5.
260 _aWarszawa :
_bWydawnictwa Szkolne i Pedagogiczne,
_c2008.
300 _a237, [2] s. :
_bil. ;
_c24 cm.
490 1 _aKonstrukcje budowlane
_v1
504 _aBibliogr., wykaz norm s. [239].
650 9 _aStatyka budowlana
655 _aPodręczniki dla szkół zawodowych
830 _aKonstrukcje budowlane
015 _aPB 16060/2007
020 _a9788302091537
020 _a9788302076664
040 _cBPK
041 _apol
044 _aPOL
080 _a624.04(075.3-021.66)
920 _a978-83-02-09153-7 (cz. 1)
920 _a978-83-02-07666-4 (całość)
942 _cKS
008 090702s2007 pl a d f |000 0 pol
999 _c56432
_d56432
856 _uhttp://koha.tu.koszalin.pl/cgi-bin/koha/opac-detail.pl?biblionumber=56432
_yKatalog online BPK